000 00317nam a2200121Ia 4500
008 220216s9999 xx 000 0 und d
100 _aNagle P G
245 0 _aMercury vapour arc lamp: its uses in a rubber factory
260 _bIRI Transactions
_c1927
300 _a304-311
650 _aRubber factory
942 _cJS
999 _c62833
_d62833